Kinh tế ĐBSCL
Sách bao gồm số liệu kinh tế xã hội của Đồng bằng Sông Cửu Long tập trung chủ yếu giai đoạn 2001-2010
Đã lưu trong:
| Hovedforfatter: | |
|---|---|
| Format: | Bog |
| Sprog: | Undetermined |
| Udgivet: |
Cần Thơ
Đại học Cần Thơ
2012
|
| Fag: | |
| Tags: |
Tilføj Tag
Ingen Tags, Vær først til at tagge denne postø!
|
| Thư viện lưu trữ: | Trung tâm Học liệu Trường Đại học Cần Thơ |
|---|
| LEADER | 00809nam a2200229Ia 4500 | ||
|---|---|---|---|
| 001 | CTU_180568 | ||
| 008 | 210402s9999 xx 000 0 und d | ||
| 020 | |c 100000 | ||
| 082 | |a 330.0212 | ||
| 082 | |b D513/T.2 | ||
| 100 | |a Võ, Hùng Dũng | ||
| 245 | 0 | |a Kinh tế ĐBSCL | |
| 245 | 0 | |c Võ Hùng Dũng (chủ biên) | |
| 260 | |a Cần Thơ | ||
| 260 | |b Đại học Cần Thơ | ||
| 260 | |c 2012 | ||
| 520 | |a Sách bao gồm số liệu kinh tế xã hội của Đồng bằng Sông Cửu Long tập trung chủ yếu giai đoạn 2001-2010 | ||
| 650 | |a Statistics,Số liệu kinh tế ĐBSCL | ||
| 650 | |x Mekong Delta (Vietnam) | ||
| 650 | |y 2001-2011,2001 - 2011 | ||
| 910 | |a Nguyên | ||
| 980 | |a Trung tâm Học liệu Trường Đại học Cần Thơ | ||